Public opportunities (Record no. 117306)
[ view plain ]
| 000 -LEADER | |
|---|---|
| fixed length control field | 01295cam a2200241 4500 |
| 001 - CONTROL NUMBER | |
| control field | ABS67728 |
| 008 - FIXED-LENGTH DATA ELEMENTS--GENERAL INFORMATION | |
| fixed length control field | 040506n2004 000 0 eng u |
| 035 ## - SYSTEM CONTROL NUMBER | |
| System control number | (Sirsi) u126117 |
| 100 ## - MAIN ENTRY--PERSONAL NAME | |
| Personal name | Nodwell, K. |
| 245 ## - TITLE STATEMENT | |
| Title | Public opportunities |
| 260 ## - PUBLICATION, DISTRIBUTION, ETC. | |
| Date of publication, distribution, etc. | 2004 |
| 490 ## - SERIES STATEMENT | |
| Series statement | Premises and Facilities Management |
| Volume/sequential designation | April 2004, 38-39(2) |
| 520 ## - SUMMARY, ETC. | |
| Summary, etc. | Examines some of the current issues facing the public sector Facilities Management (FM) market in the UK. Points out that this market saw a steady rise in its activities in the last year while the corporate FM sector has seen a fall. These good prospects are likely to continue with millions of pounds being allocated to PFI/PPP projects over the coming years. Compulsory competitive tendering policies and the introduction of best value practices are helping to increase social diversity and inclusion and help restructuring in local government. Also notes that public sector organisations have become very forward thinking with frequent and effective adoption of the best practices in the private sector. |
| 590 ## - LOCAL NOTE (RLIN) | |
| Local note | ABS |
| 590 ## - LOCAL NOTE (RLIN) | |
| Local note | ABS |
| 650 ## - SUBJECT ADDED ENTRY--TOPICAL TERM | |
| Topical term or geographic name entry element | FM SERVICES |
| 650 ## - SUBJECT ADDED ENTRY--TOPICAL TERM | |
| Topical term or geographic name entry element | PUBLIC SECTOR |
| 650 ## - SUBJECT ADDED ENTRY--TOPICAL TERM | |
| Topical term or geographic name entry element | PRIVATE SECTOR |
| 650 ## - SUBJECT ADDED ENTRY--TOPICAL TERM | |
| Topical term or geographic name entry element | PFI PROJECTS |
| 650 ## - SUBJECT ADDED ENTRY--TOPICAL TERM | |
| Topical term or geographic name entry element | BEST PRACTICE |
| 690 ## - LOCAL SUBJECT ADDED ENTRY--TOPICAL TERM (OCLC, RLIN) | |
| Topical term or geographic name as entry element | FACILITIES MANAGEMENT |
| 9 (RLIN) | 6240 |
| 942 ## - ADDED ENTRY ELEMENTS (KOHA) | |
| Suppress in OPAC | 0 |
| Withdrawn status | Lost status | Source of classification or shelving scheme | Damaged status | Not for loan | Home library | Current library | Shelving location | Date acquired | Total Checkouts | Full call number | Barcode | Date last seen | Copy number | Price effective from | Koha item type |
|---|---|---|---|---|---|---|---|---|---|---|---|---|---|---|---|
| Dewey Decimal Classification | London | London | Journal article | 06/05/2004 | ABS67728 | 126117-1001 | 06/08/2019 | 1 | 06/08/2019 | Journal article |